000 00367nam a2200145 i 4500
001 bg
100 1 _aSTELMASZYK, Franciszek Józef
245 0 _aRoboty ziemne i drogi gruntowe... /
_cFranciszek Józef Stelmaszyk.
250 _aWyd.3.
260 _aWarszawa,
_c1977.
040 _cBPK
041 _apol
942 _cKS
008 s pl f |000 0 pol
999 _c17199
_d17199
856 _uhttp://koha.tu.koszalin.pl/cgi-bin/koha/opac-detail.pl?biblionumber=17199
_yKatalog online BPK